[Event "Rheinland-chT Seniors 1617"]
[Site "Germany"]
[Date "2016.11.17"]
[Round "3"]
[White "Buzov, Boris"]
[Black "Fuchs, Hubert"]
[Result "1-0"]
[WhiteElo "1937"]
[BlackElo "1299"]
[PlyCount "45"]
[EventDate "2016.10.06"]
[EventType "team-tourn"]
[EventRounds "7"]
[EventCountry "GER"]
[SourceTitle "EXT 2018"]
[Source "ChessBase"]
[SourceDate "2017.10.13"]
[SourceVersion "1"]
[SourceVersionDate "2017.10.13"]
[SourceQuality "1"]

1. e4 c6 2. d3 d5 3. Nd2 dxe4 4. dxe4 Nf6 5. Bc4 Bg4 6. Ngf3 Bxf3 7. Qxf3 e6 8. 0-0 Be7 9. c3 0-0 10. Rd1 Qc7 11. Nf1 Nbd7 12. Bf4 Qc8 13. Ng3 Rd8 14. Bb3 Nc5 15. Bc2 Ne8 16. a4 a5 17. Be5 b5 18. Rxd8 Qxd8 19. axb5 cxb5 20. Bd4 b4 21. Qe3 Nb7 22. e5 Nc7 23. Qe4 1-0

[Event "Rheinland-chT Seniors 1617"]
[Site "Germany"]
[Date "2016.11.17"]
[Round "4"]
[White "Kaster, Juergen"]
[Black "Fuchs, Hubert"]
[Result "1-0"]
[WhiteElo "1997"]
[BlackElo "1299"]
[PlyCount "83"]
[EventDate "2016.10.06"]
[EventType "team-tourn"]
[EventRounds "7"]
[EventCountry "GER"]
[SourceTitle "EXT 2018"]
[Source "ChessBase"]
[SourceDate "2017.10.13"]
[SourceVersion "1"]
[SourceVersionDate "2017.10.13"]
[SourceQuality "1"]

1. f4 c6 2. Nf3 d5 3. b3 Nf6 4. Bb2 e6 5. e3 Bd6 6. Be2 Nbd7 7. 0-0 0-0 8. Qe1 Re8 9. Qg3 Qc7 10. d4 Ne4 11. Qe1 Ndf6 12. Ne5 Nd7 13. Bd3 f5 14. Rf3 Nxe5 15. fxe5 Bf8 16. c4 Qf7 17. Nc3 Bb4 18. a3 Bxc3 19. Bxc3 Nxc3 20. Qxc3 Bd7 21. e4 dxe4 22. Bxe4 g6 23. Bc2 Qg7 24. b4 Rac8 25. a4 a6 26. Qb2 Qe7 27. Bd3 Rb8 28. Bf1 Qd8 29. a5 Qe7 30. Rb3 Rec8 31. b5 cxb5 32. cxb5 axb5 33. Bxb5 Bc6 34. Bxc6 Rxc6 35. a6 b6 36. a7 Ra8 37. Rxb6 Rc7 38. Rb8+ Rc8 39. Rxc8+ Rxc8 40. a8Q Rxa8 41. Rxa8+ Kf7 42. Qb8 1-0

[Event "SVR-op 34th"]
[Site "Reil"]
[Date "2011.04.21"]
[Round "5"]
[White "Fuchs, Hubert"]
[Black "Farsch, Bernd"]
[Result "0-1"]
[WhiteElo "1120"]
[BlackElo "1553"]
[PlyCount "92"]
[EventDate "2011.04.16"]
[EventType "swiss"]
[EventRounds "7"]
[EventCountry "GER"]
[SourceTitle "EXT 2013"]
[Source "ChessBase"]
[SourceDate "2012.11.22"]
[SourceVersion "1"]
[SourceVersionDate "2012.11.22"]
[SourceQuality "1"]

1. d4 Nf6 2. e3 g6 3. Bd3 Bg7 4. Nd2 d5 5. c3 0-0 6. f4 Nbd7 7. Ngf3 c5 8. 0-0 c4 9. Bc2 b5 10. b4 a5 11. Ba3 Re8 12. Qe1 Nb6 13. Ne5 Bb7 14. Ndf3 Nbd7 15. Ng5 Rf8 16. Rf3 h6 17. Nexf7 Rxf7 18. Ne6 Qb6 19. f5 Ne4 20. Nxg7 Rxg7 21. fxg6 Qxg6 22. Rg3 Qf6 23. Rxg7+ Kxg7 24. Bxe4 dxe4 25. bxa5 Rxa5 26. Bb4 Ra8 27. a3 Nb6 28. Qg3+ Kh7 29. Qc7 Rf8 30. h3 Bc8 31. Kh2 Nd5 32. Qg3 Rg8 33. Qe1 Qg5 34. Ra2 Nxe3 35. Bxe7 Ng4+ 36. hxg4 Qxe7 37. Re2 Rxg4 38. g3 Bb7 39. Qf2 Rg6 40. Qf5 Bc6 41. d5 Bd7 42. Qxe4 Qxe4 43. Rxe4 Rd6 44. Kg2 Rxd5 45. Rd4 Rxd4 46. cxd4 c3 0-1

[Event "SVR-op 34th"]
[Site "Reil"]
[Date "2011.04.16"]
[Round "2"]
[White "Fuchs, Hubert"]
[Black "Akbar, Jamal"]
[Result "0-1"]
[WhiteElo "1120"]
[BlackElo "1897"]
[PlyCount "88"]
[EventDate "2011.04.16"]
[EventType "swiss"]
[EventRounds "7"]
[EventCountry "GER"]
[SourceTitle "EXT 2013"]
[Source "ChessBase"]
[SourceDate "2012.11.22"]
[SourceVersion "1"]
[SourceVersionDate "2012.11.22"]
[SourceQuality "1"]

1. d4 Nf6 2. e3 g6 3. Bd3 Bg7 4. c3 0-0 5. Nd2 d6 6. Ngf3 Nc6 7. 0-0 e5 8. dxe5 Nxe5 9. Nxe5 dxe5 10. Bc2 Qe7 11. Qe1 b6 12. Ne4 Ba6 13. Nxf6+ Qxf6 14. Be4 Rad8 15. b3 Bxf1 16. Qxf1 Qd6 17. Bc2 f5 18. a4 e4 19. Ba3 c5 20. Bb2 Qd2 21. Qc4+ Kh8 22. Rc1 Rd6 23. g3 Rfd8 24. Kg2 Qd5 25. Qf1 Qb7 26. Qc4 a6 27. h4 Rc8 28. Qe2 b5 29. Rb1 Rcd8 30. Rd1 bxa4 31. Rxd6 Rxd6 32. Ba3 axb3 33. Bb1 Qb5 34. c4 Qa5 35. Bb2 Qd2 36. Bxg7+ Kxg7 37. Qf1 Qd1 38. Bxe4 Qxf1+ 39. Kxf1 fxe4 40. f4 b2 41. Kg2 b1Q 42. Kh3 h5 43. g4 Qh1+ 44. Kg3 Qf3+ 0-1

[Event "SVR-op 34th"]
[Site "Reil"]
[Date "2011.04.16"]
[Round "1"]
[White "Maier, Arthur"]
[Black "Fuchs, Hubert"]
[Result "1-0"]
[WhiteElo "1623"]
[BlackElo "1120"]
[PlyCount "67"]
[EventDate "2011.04.16"]
[EventType "swiss"]
[EventRounds "7"]
[EventCountry "GER"]
[SourceTitle "EXT 2013"]
[Source "ChessBase"]
[SourceDate "2012.11.22"]
[SourceVersion "1"]
[SourceVersionDate "2012.11.22"]
[SourceQuality "1"]

1. d4 d5 2. c4 c6 3. Nc3 e6 4. Bf4 Bd6 5. Bxd6 Qxd6 6. e3 Nd7 7. c5 Qe7 8. f4 f5 9. Nf3 Ngf6 10. Be2 0-0 11. 0-0 Ng4 12. Qd2 a6 13. b4 Rb8 14. a4 b6 15. Rfb1 b5 16. axb5 axb5 17. Ra7 Bb7 18. h3 Ngf6 19. Qc2 h6 20. Nxb5 cxb5 21. Bxb5 Bc8 22. Bxd7 Bxd7 23. c6 Rxb4 24. Ne5 Rfb8 25. Rxb4 Qxb4 26. cxd7 Qe1+ 27. Kh2 Ne4 28. Nf3 Rb1 29. Ra8+ Kh7 30. Qxb1 Qxb1 31. d8Q Nd2 32. Qg8+ Kg6 33. Ne5+ Kh5 34. Qf7+ 1-0

[Event "SVR-op 33rd"]
[Site "Mendig"]
[Date "2010.04.02"]
[Round "6"]
[White "Fuchs, Hubert"]
[Black "Karbach, Helmut"]
[Result "0-1"]
[WhiteElo "1020"]
[BlackElo "1481"]
[PlyCount "62"]
[EventDate "2010.03.27"]
[EventType "swiss"]
[EventRounds "7"]
[EventCountry "GER"]
[SourceTitle "EXT 2011"]
[Source "ChessBase"]
[SourceDate "2010.11.26"]
[SourceVersion "1"]
[SourceVersionDate "2010.11.26"]
[SourceQuality "1"]

1. d4 d5 2. e3 Nf6 3. Bd3 e6 4. Nd2 c5 5. c3 Be7 6. f4 Bd7 7. Ngf3 c4 8. Bb1 Bc6 9. 0-0 Nbd7 10. b3 b5 11. b4 a5 12. Ne5 Qc7 13. Ndf3 Ne4 14. Qe1 Ndf6 15. Nxc6 Qxc6 16. Ne5 Qc7 17. Ba3 Rc8 18. Bc2 0-0 19. Rc1 axb4 20. Bxb4 Bxb4 21. cxb4 Ra8 22. Ra1 Ra3 23. Qc1 Rfa8 24. Bb3 Qd6 25. Bc2 Nc3 26. Qe1 Nfe4 27. f5 f6 28. Qh4 exf5 29. Rxf5 g6 30. Qh6 Qf8 31. Qg5 Nxg5 0-1

[Event "SVR-op 33rd"]
[Site "Mendig"]
[Date "2010.04.01"]
[Round "4"]
[White "Decrouppe, Johann"]
[Black "Fuchs, Hubert"]
[Result "1-0"]
[WhiteElo "1716"]
[BlackElo "1020"]
[PlyCount "73"]
[EventDate "2010.03.27"]
[EventType "swiss"]
[EventRounds "7"]
[EventCountry "GER"]
[SourceTitle "EXT 2011"]
[Source "ChessBase"]
[SourceDate "2010.11.26"]
[SourceVersion "1"]
[SourceVersionDate "2010.11.26"]
[SourceQuality "1"]

1. Nf3 d5 2. g3 e6 3. Bg2 Nf6 4. 0-0 Bd6 5. b3 0-0 6. Bb2 Re8 7. d3 Nbd7 8. Nbd2 e5 9. Rc1 c6 10. e3 h6 11. c4 Nc5 12. Nb1 Ncd7 13. h3 e4 14. dxe4 Rxe4 15. Nc3 Re8 16. cxd5 c5 17. Nd2 Ne5 18. Nc4 Nxc4 19. bxc4 a6 20. e4 Be5 21. Re1 Qc7 22. Na4 Bxg3 23. fxg3 Qxg3 24. Qf3 Qg6 25. Bxf6 gxf6 26. Nb6 Bxh3 27. Qxh3 Rad8 28. Rc3 Kh8 29. Rg3 Qh7 30. Qh4 Rd6 31. Na4 Rg8 32. Rxg8+ Qxg8 33. Qxh6+ Qh7 34. Qf8+ Qg8 35. Qxd6 f5 36. Re3 Qe8 37. Rg3 1-0

[Event "SVR-op 33rd"]
[Site "Mendig"]
[Date "2010.04.01"]
[Round "5"]
[White "Rocher, Karl"]
[Black "Fuchs, Hubert"]
[Result "1-0"]
[WhiteElo "1329"]
[BlackElo "1020"]
[PlyCount "89"]
[EventDate "2010.03.27"]
[EventType "swiss"]
[EventRounds "7"]
[EventCountry "GER"]
[SourceTitle "EXT 2011"]
[Source "ChessBase"]
[SourceDate "2010.11.26"]
[SourceVersion "1"]
[SourceVersionDate "2010.11.26"]
[SourceQuality "1"]

1. d4 d5 2. c4 c6 3. Nc3 e6 4. Nf3 Bd6 5. e4 dxe4 6. Nxe4 Bb4+ 7. Bd2 Bxd2+ 8. Qxd2 Nf6 9. Bd3 Nbd7 10. b4 Qc7 11. h3 0-0 12. 0-0 e5 13. Rac1 Nh5 14. d5 c5 15. d6 Qd8 16. bxc5 f5 17. Neg5 e4 18. Ne6 Qf6 19. Nxf8 exf3 20. Nxd7 Qg6 21. g3 Nxg3 22. Kh2 Ne4 23. Rg1 Qe6 24. Rcd1 Bxd7 25. Bxe4 fxe4 26. Rg4 Qe5+ 27. Rg3 Rf8 28. Rdg1 g6 29. Qd5+ Qe6 30. Rxg6+ hxg6 31. Rxg6+ Kf7 32. Rxe6 Bxe6 33. Qxe4 Rh8 34. Qxf3+ Ke8 35. Qf6 Rxh3+ 36. Kg1 Kd7 37. Qe7+ Kc6 38. Qxe6 Rd3 39. Qe4+ Rd5 40. Qxd5+ Kd7 41. f4 a5 42. f5 a4 43. f6 a3 44. f7 b6 45. c6+ 1-0